University Home | Library Home | Institutional Repository

Mathematics and statistics Part II (Calculus)/ (Record no. 118171)

MARC details
000 -LEADER
fixed length control field 00442cam a2200145 4500
008 - FIXED-LENGTH DATA ELEMENTS--GENERAL INFORMATION
fixed length control field 130422n 000 0 eng u
035 ## - SYSTEM CONTROL NUMBER
System control number (Sirsi) a178762
050 ## - LIBRARY OF CONGRESS CALL NUMBER
Classification number QA 276.12 BHA 1986
100 ## - MAIN ENTRY--PERSONAL NAME
Personal name Bhatt, R.D.
245 ## - TITLE STATEMENT
Title Mathematics and statistics Part II (Calculus)/
Statement of responsibility, etc. R.D. Bhatt and A.V. deshpands
260 ## - PUBLICATION, DISTRIBUTION, ETC.
Place of publication, distribution, etc. Bombay:
Name of publisher, distributor, etc. Vipul Prakashan,
Date of publication, distribution, etc. 1986
300 ## - PHYSICAL DESCRIPTION
Extent 362p.
650 ## - SUBJECT ADDED ENTRY--TOPICAL TERM
Topical term or geographic name entry element Mathematical statistics
700 ## - ADDED ENTRY--PERSONAL NAME
Personal name Deshpande, A.V.

No items available.

© 2026 - The University of Zambia Library - Koha v25.11